00571 2200193 4500001002100000005001500021035002000036008004100056245008300097100002800180260005800208300001900266020002200285084001800307082000800325650001800333250000600351990002000357INLIS00000000000787320260418123811 a0010-0426000061260418 1 ind 1 aA Study In Scarlet :bMisteri Benang Merah Kejahatan /cSir Arthur Conan Doyle aDoyle, Sir Arthur Conan aYogyakarta :bCV.Indoliterasi Publishing House,c2026 a194 ;c19 x 13 a978-602-0869-82-7 a823 DOY A C.1 a823 4aFiksi Inggris aI a260311300011205